Словарь по нефтегазовой гидрогеологии

Bibliografiske detaljer
Institution som forfatter: Российская академия наук (РАН) Институт проблем нефти и газа (ИПНГ)
Andre forfattere: Карцев А. А. (составитель), Абукова Л. А., Абрамова О. П.
Summary:Настоящий словарь отражает современное состояние терминологической базы нефтегазовой гидрогеологии. Содержит разъяснения более чем 1000 терминов и понятий, относящихся к сфере нефтегазовой гидрогеологии, а также терминов из смежных наук, наиболее часто употребляемых при описании гидрогеологических условий нефтегазоо-бразования и нефтегазонакопления. Словарные статьи представлены в алфавитном по­рядке и имеют перевод терминов на английский язык.Для специалистов, работающих в области гидрогеологии, нефтегазопромысловой гидрогеологии, разработки нефтяных и газовых месторождений, студентов и аспиран­тов вузов геологического профиля.
Sprog:russisk
Udgivet: Москва, ГЕОС, 2015
Fag:
Format: Bog
KOHA link:https://koha.lib.tpu.ru/cgi-bin/koha/opac-detail.pl?biblionumber=306276

MARC

LEADER 00000nam0a2200000 4500
001 306276
005 20231102001858.0
010 |a 9785891186729 
035 |a (RuTPU)RU\TPU\book\331553 
090 |a 306276 
100 |a 20151005d2015 k y0rusy50 ca 
101 0 |a rus 
102 |a RU 
105 |a y e 000zy 
200 1 |a Словарь по нефтегазовой гидрогеологии  |f Российская академия наук (РАН), Институт проблем нефти и газа (ИПНГ) ; сост. А. А. Карцев ; Л. А. Абукова ; О. П. Абрамова 
210 |a Москва  |c ГЕОС  |d 2015 
215 |a 304 с. 
330 |a Настоящий словарь отражает современное состояние терминологической базы нефтегазовой гидрогеологии. Содержит разъяснения более чем 1000 терминов и понятий, относящихся к сфере нефтегазовой гидрогеологии, а также терминов из смежных наук, наиболее часто употребляемых при описании гидрогеологических условий нефтегазоо-бразования и нефтегазонакопления. Словарные статьи представлены в алфавитном по­рядке и имеют перевод терминов на английский язык.Для специалистов, работающих в области гидрогеологии, нефтегазопромысловой гидрогеологии, разработки нефтяных и газовых месторождений, студентов и аспиран­тов вузов геологического профиля. 
606 1 |a Нефтегазовая гидрогеология  |2 stltpush  |3 (RuTPU)RU\TPU\subj\68613  |9 83820 
610 1 |a словари 
610 1 |a терминология 
610 1 |a термины 
610 1 |a нефтегазообразование 
610 1 |a нефтегазонакопление 
610 1 |a нефть 
610 1 |a природный газ 
610 1 |a геология 
675 |a 553.98:556.3(038)  |v 4 
702 1 |a Карцев  |b А. А.  |4 220 
702 1 |a Абукова  |b Л. А.  |4 220 
702 1 |a Абрамова  |b О. П.  |4 220 
712 0 2 |a Российская академия наук (РАН)  |b Институт проблем нефти и газа (ИПНГ)  |c (Москва)  |2 stltpush  |3 (RuTPU)RU\TPU\col\6181 
801 1 |a RU  |b 63413507  |c 20151005 
801 2 |a RU  |b 63413507  |c 20151203  |g RCR 
900 |a Нефтегазовая гидрогеология 
942 |c BK 
959 |a 111/20150904  |d 2  |e 940,00  |f ЧЗТЛ:2